[Event "Guernsey Open"]
[Site "Guernsey GCI"]
[Date "2006.10.18"]
[Round "4"]
[White "Havenaar, Jan"]
[Black "Pinheiro, Jose"]
[Result "0-1"]
[WhiteElo "2202"]
[BlackElo "2336"]
[PlyCount "66"]
[EventDate "2006.10.15"]

1. Nc3 c5 2. Nf3 g6 3. d4 cxd4 4. Qxd4 Nf6 5. Bg5 Nc6 6. Qd2 Bg7 7. e4 h6 8.
Bf4 Qa5 9. Nb5 Qxd2+ 10. Nxd2 Nh5 11. g3 Nxf4 12. gxf4 Kd8 13. c3 a6 14. Na3 b5
15. Nc2 Rb8 16. O-O-O e6 17. Rg1 b4 18. cxb4 Bf8 19. e5 g5 20. fxg5 hxg5 21.
Nf3 Ke7 22. Ncd4 Bb7 23. Kc2 Nxd4+ 24. Nxd4 Rxh2 25. Rd2 Bg7 26. f4 Rbh8 27.
Rxg5 Rxd2+ 28. Kxd2 Rh2+ 29. Be2 Bh6 30. Rg4 f5 31. exf6+ Kxf6 32. Ke1 Be4 33.
Bf3 Bxf3 0-1

[Event "Guernsey Open"]
[Site "Guernsey GCI"]
[Date "2006.10.18"]
[Round "4"]
[White "Taylor, Mark"]
[Black "Lock, Gavin R"]
[Result "1/2-1/2"]
[WhiteElo "2152"]
[BlackElo "2226"]
[PlyCount "41"]
[EventDate "2006.10.15"]

1. d4 d5 2. Nf3 Nf6 3. e3 c5 4. c3 e6 5. Bd3 Nc6 6. Nbd2 Bd6 7. O-O O-O 8. Qe2
e5 9. dxe5 Nxe5 10. Nxe5 Bxe5 11. e4 Qc7 12. h3 Re8 13. Qf3 Be6 14. c4 dxe4 15.
Nxe4 Nxe4 16. Bxe4 Rad8 17. Be3 b6 18. Rab1 Bd4 19. Bf4 Qe7 20. Rfe1 Qf6 21. b3
1/2-1/2

[Event "Guernsey Open"]
[Site "Guernsey GCI"]
[Date "2006.10.18"]
[Round "4"]
[White "Bakre, Tejas"]
[Black "Goris, Ton"]
[Result "1-0"]
[WhiteElo "2447"]
[BlackElo "2077"]
[PlyCount "51"]
[EventDate "2006.10.15"]

1. Nf3 Nf6 2. b3 b6 3. e3 Bb7 4. d4 e6 5. Bd3 c5 6. O-O Be7 7. Nbd2 O-O 8. Bb2
cxd4 9. exd4 d6 10. Re1 Nbd7 11. c4 d5 12. Ne5 dxc4 13. Ndxc4 Rc8 14. Qe2 Bb4
15. Rec1 b5 16. Ne3 a6 17. Rxc8 Qxc8 18. Rc1 Qa8 19. Nxd7 Nxd7 20. d5 Rc8 21.
Rxc8+ Qxc8 22. dxe6 fxe6 23. Qg4 Bf8 24. Qxe6+ Kh8 25. Bf5 Bc6 26. Qh6 1-0

[Event "Guernsey Open"]
[Site "Guernsey GCI"]
[Date "2006.10.18"]
[Round "4"]
[White "Westerkamp, Bert"]
[Black "O'Leary, Matt"]
[Result "1-0"]
[WhiteElo "2081"]
[BlackElo "2200"]
[PlyCount "83"]
[EventDate "2006.10.15"]

1. Nf3 Nf6 2. c4 g6 3. b4 Bg7 4. Bb2 d5 5. e3 O-O 6. Qc2 Bf5 7. d3 Nc6 8. a3 a6
9. cxd5 Na7 10. Nbd2 c6 11. dxc6 Nxc6 12. Nd4 Bd7 13. Be2 Rc8 14. Qb3 e5 15.
Nxc6 Bxc6 16. Bf3 Nd5 17. Rc1 Re8 18. O-O Ne7 19. Rfd1 Qd7 20. Bxc6 Nxc6 21.
Nc4 Rcd8 22. Nb6 Qf5 23. Rc5 Bf8 24. Rd5 Qe6 25. Qc4 Nxb4 26. Rxd8 Rxd8 27.
Qxe6 fxe6 28. axb4 Bxb4 29. Bxe5 Bc5 30. Na4 Be7 31. Kf1 b5 32. Nc3 Rc8 33. Ra1
Bb4 34. Ne4 Rc6 35. Ke2 a5 36. Kd1 a4 37. Rb1 Ba3 38. Rxb5 Rc1+ 39. Kd2 Rg1 40.
Ke2 Bf8 41. Rb8 Kf7 42. Ng5+ 1-0

[Event "Guernsey Open"]
[Site "Guernsey GCI"]
[Date "2006.10.18"]
[Round "4"]
[White "Cornelisse, Johnny JA"]
[Black "Ippel, Cok"]
[Result "1-0"]
[WhiteElo "2196"]
[BlackElo "2046"]
[PlyCount "69"]
[EventDate "2006.10.15"]

1. d4 e6 2. c4 d5 3. Nf3 c6 4. Nc3 Nd7 5. e3 Ngf6 6. Qc2 Bb4 7. Bd3 O-O 8. Bd2
Re8 9. Ne5 Nf8 10. h4 dxc4 11. Bxc4 Nd5 12. h5 Bd6 13. Ne4 f5 14. Nxd6 Qxd6 15.
O-O-O a5 16. g4 b5 17. Bd3 Nb4 18. Bxb4 axb4 19. Qb3 Re7 20. gxf5 Rea7 21. h6
c5 22. hxg7 Rxg7 23. Be4 c4 24. Qc2 Raa7 25. f6 b3 26. axb3 cxb3 27. Qxb3 Rg5
28. Rdg1 Ra1+ 29. Bb1 Qc7+ 30. Kd2 Rxg1 31. Rxg1+ Ng6 32. Qxb5 Qa5+ 33. Qxa5
Rxa5 34. Bxg6 hxg6 35. Rxg6+ 1-0

[Event "Guernsey Open"]
[Site "Guernsey GCI"]
[Date "2006.10.18"]
[Round "4"]
[White "Fassaert, Desire JM"]
[Black "Fraser, Mark Gordon"]
[Result "0-1"]
[WhiteElo "2078"]
[BlackElo "2191"]
[PlyCount "32"]
[EventDate "2006.10.15"]

1. Nf3 e6 2. g3 f5 3. Bg2 Nf6 4. c4 d6 5. Nc3 Be7 6. O-O O-O 7. d3 e5 8. b4 Qe8
9. Qb3 Kh8 10. Bb2 Qh5 11. Rac1 e4 12. dxe4 fxe4 13. Nxe4 Nxe4 14. Qe3 Bf6 15.
Bxf6 Nxf6 16. c5 d5 0-1

[Event "Guernsey Open"]
[Site "Guernsey GCI"]
[Date "2006.10.18"]
[Round "4"]
[White "Roberts, Paul"]
[Black "Hamperl, Fred"]
[Result "1/2-1/2"]
[WhiteElo "2189"]
[BlackElo "2027"]
[PlyCount "56"]
[EventDate "2006.10.15"]

1. e4 c5 2. b3 Nc6 3. Bb2 e5 4. Nc3 g6 5. Bc4 Bg7 6. Nge2 Nge7 7. O-O Na5 8. d3
a6 9. a4 O-O 10. Nd5 d6 11. f4 Nxc4 12. dxc4 f5 13. Ng3 Be6 14. Nxe7+ Qxe7 15.
exf5 exf4 16. Bxg7 Kxg7 17. Rxf4 Bxf5 18. Qd2 Rae8 19. Rd1 Qe5 20. Nxf5+ Rxf5
21. Rxf5 gxf5 22. h3 Re6 23. Qd5 Qe3+ 24. Kh1 Qe4 25. Rd2 Kf6 26. Kg1 Qf4 27.
Rd1 Qe3+ 28. Kh1 Qe2 1/2-1/2

[Event "Guernsey Open"]
[Site "Guernsey GCI"]
[Date "2006.10.18"]
[Round "4"]
[White "Collier, David O"]
[Black "Morcom, Huw"]
[Result "1-0"]
[WhiteElo "2175"]
[BlackElo "1967"]
[PlyCount "61"]
[EventDate "2006.10.15"]

1. d4 g6 2. Nf3 Bg7 3. g3 c6 4. Bg2 d6 5. O-O f5 6. Nbd2 Nh6 7. e4 Nf7 8. Re1
O-O 9. d5 e5 10. dxe6 Bxe6 11. exf5 Bxf5 12. Nf1 Bg4 13. Ne3 Bxf3 14. Bxf3 Nd7
15. Bg2 Nde5 16. Bd2 d5 17. Bc3 Qb6 18. Kh1 Rad8 19. f4 d4 20. fxe5 dxc3 21.
Qe2 cxb2 22. Rab1 Nxe5 23. Nd1 Qa5 24. Rxb2 Rd2 25. Qe4 Rd4 26. Qe2 Ng4 27. c3
Ra4 28. Rxb7 Qc5 29. Qe6+ Kh8 30. Qd7 Rg8 31. Re8 1-0

[Event "Guernsey Open"]
[Site "Guernsey GCI"]
[Date "2006.10.18"]
[Round "4"]
[White "Vickery, Jim"]
[Black "O'Toole, George E"]
[Result "1/2-1/2"]
[WhiteElo "2155"]
[BlackElo "1935"]
[PlyCount "39"]
[EventDate "2006.10.15"]

1. d4 Nf6 2. Nf3 c5 3. c3 e6 4. Bg5 d5 5. e3 Be7 6. Nbd2 Nbd7 7. Bd3 b6 8. O-O
Bb7 9. Ne5 Nxe5 10. dxe5 Nd7 11. Bxe7 Qxe7 12. f4 f6 13. exf6 gxf6 14. Qh5+ Qf7
15. Qxf7+ Kxf7 16. Bb5 Nf8 17. Bd3 Rg8 18. Rf2 Rg7 19. Re1 Rd8 20. e4 1/2-1/2

[Event "Guernsey Open"]
[Site "Guernsey GCI"]
[Date "2006.10.18"]
[Round "4"]
[White "Gravett, Alan D"]
[Black "Heppell, Ian N"]
[Result "0-1"]
[WhiteElo "1972"]
[BlackElo "2138"]
[PlyCount "52"]
[EventDate "2006.10.15"]

1. g3 e5 2. Bg2 Nc6 3. c4 f5 4. d3 Nf6 5. Nc3 d6 6. e3 g6 7. Nge2 Bg7 8. O-O
O-O 9. Rb1 Be6 10. Nd5 Qd7 11. b4 Nd8 12. b5 g5 13. f4 gxf4 14. gxf4 Kh8 15.
Ng3 Bxd5 16. cxd5 Ng4 17. h3 exf4 18. hxg4 fxg3 19. gxf5 Rxf5 20. Bh3 Rxf1+ 21.
Qxf1 Qe7 22. Qf4 Nf7 23. Kg2 Rf8 24. Bb2 Bxb2 25. Rxb2 Ne5 26. Qe4 Qf6 0-1

[Event "Guernsey Open"]
[Site "Guernsey GCI"]
[Date "2006.10.18"]
[Round "4"]
[White "Middleton, Tom"]
[Black "Short, Stephen"]
[Result "1/2-1/2"]
[WhiteElo "2100"]
[BlackElo "1835"]
[PlyCount "31"]
[EventDate "2006.10.15"]

1. e4 e5 2. Nf3 Nc6 3. Nc3 Nf6 4. a3 Bc5 5. b4 Bd4 6. Nxd4 Nxd4 7. Bc4 d6 8.
O-O Be6 9. Bxe6 fxe6 10. d3 O-O 11. Ne2 Nxe2+ 12. Qxe2 Qe8 13. f4 exf4 14. Bxf4
Qg6 15. Bd2 e5 16. Rf5 1/2-1/2

[Event "Guernsey Open"]
[Site "Guernsey GCI"]
[Date "2006.10.18"]
[Round "4"]
[White "Morris Hill, Ray"]
[Black "Dodgson, John A"]
[Result "1/2-1/2"]
[WhiteElo "2060"]
[BlackElo "2172"]
[PlyCount "50"]
[EventDate "2006.10.15"]

1. d4 d5 2. Nf3 Nf6 3. e3 Bg4 4. c4 e6 5. Qb3 Qc8 6. Nc3 c6 7. Bd2 Nbd7 8. cxd5
exd5 9. Be2 Be7 10. Qc2 O-O 11. O-O Re8 12. Ne1 Bxe2 13. Nxe2 Ne4 14. Nc3 Ndf6
15. Nd3 Bd6 16. Nxe4 dxe4 17. Ne5 Bxe5 18. dxe5 Rxe5 19. Bc3 Re6 20. Bxf6 Rxf6
21. Qxe4 Qc7 22. Rfd1 Rd8 23. Rd4 Rfd6 24. Rad1 Rxd4 25. Rxd4 g6 1/2-1/2

[Event "Guernsey Open"]
[Site "Guernsey GCI"]
[Date "2006.10.18"]
[Round "4"]
[White "Spanton, Timothy R"]
[Black "Reijneveld, Ad"]
[Result "0-1"]
[WhiteElo "2051"]
[BlackElo "2176"]
[PlyCount "50"]
[EventDate "2006.10.15"]

1. e4 c5 2. Nf3 Nc6 3. Bb5 g6 4. Bxc6 dxc6 5. d3 Bg7 6. h3 Nf6 7. Be3 c4 8. Nc3
cxd3 9. cxd3 O-O 10. Qd2 b6 11. Bh6 Ba6 12. Bxg7 Kxg7 13. O-O-O Qc7 14. h4 h5
15. e5 Ng4 16. Rhe1 c5 17. Qf4 Nxf2 18. Ne4 Nxd3+ 19. Rxd3 Bxd3 20. Nf6 Rad8
21. Nxh5+ gxh5 22. g4 Rh8 23. gxh5 Rxh5 24. Rg1+ Bg6 25. Qg4 Qd7 0-1

[Event "Guernsey Open"]
[Site "Guernsey GCI"]
[Date "2006.10.18"]
[Round "4"]
[White "Thurlow, Kevin J"]
[Black "Hickman, John"]
[Result "1/2-1/2"]
[WhiteElo "2140"]
[BlackElo "2058"]
[PlyCount "66"]
[EventDate "2006.10.15"]

1. Nf3 d6 2. c4 e5 3. Nc3 f5 4. g3 Nf6 5. Bg2 Be7 6. d3 O-O 7. O-O Kh8 8. b4
Qe8 9. Bb2 Qh5 10. Qc2 f4 11. Nd5 Nxd5 12. cxd5 Na6 13. a3 Bh3 14. Bxh3 Qxh3
15. d4 e4 16. Qxe4 Rae8 17. Qe6 Qh5 18. Rfe1 Nb8 19. Qe4 Bd8 20. Qd3 Qxd5 21.
Nd2 Qf7 22. g4 d5 23. Nf3 Nd7 24. Ne5 Qe6 25. h3 Bf6 26. Nxd7 Qxd7 27. Rad1 Bh4
28. Rd2 h5 29. Qg6 Re6 30. Qxh5+ Rh6 31. Qe5 Re6 32. Qh5+ Rh6 33. Qe5 Re6
1/2-1/2

[Event "Guernsey Open"]
[Site "Guernsey GCI"]
[Date "2006.10.18"]
[Round "4"]
[White "Dijksterhuis, Rolf"]
[Black "Tan, HB.."]
[Result "0-1"]
[WhiteElo "2047"]
[BlackElo "2125"]
[PlyCount "74"]
[EventDate "2006.10.15"]

1. e4 c5 2. Nf3 d6 3. d4 cxd4 4. Nxd4 Nf6 5. Nc3 g6 6. Bc4 Bg7 7. Bb3 O-O 8. f3
Nc6 9. Be3 Na5 10. Qd2 Nxb3 11. axb3 Bd7 12. O-O-O a5 13. h4 a4 14. bxa4 Bxa4
15. h5 b5 16. hxg6 fxg6 17. Ne6 Qa5 18. Nd5 Nxd5 19. Qxa5 Rxa5 20. Bd2 Rc8 21.
Nxg7 Rxc2+ 22. Kb1 Ra6 23. exd5 Kxg7 24. Bh6+ Kf6 25. g4 Rf2 26. Rd2 Rxf3 27.
Re2 Bb3 28. Re6+ Kf7 29. Bg5 Rf2 30. Rxe7+ Kf8 31. Rc7 Ba2+ 32. Kc1 Bxd5 33.
Rc8+ Kg7 34. Bh6+ Kf6 35. Rf8+ Bf7 36. Kb1 g5 37. Rh5 Ra1+ 0-1

[Event "Guernsey Open"]
[Site "Guernsey GCI"]
[Date "2006.10.18"]
[Round "4"]
[White "Warmerdam, Rob"]
[Black "Pickersgill, Adrian"]
[Result "1/2-1/2"]
[WhiteElo "1796"]
[BlackElo "2093"]
[PlyCount "44"]
[EventDate "2006.10.15"]

1. d4 d5 2. c4 Nc6 3. e3 e5 4. Nc3 exd4 5. exd4 Nf6 6. Nf3 Bg4 7. Be2 dxc4 8.
d5 Nb4 9. Bxc4 Bxf3 10. gxf3 c6 11. Qe2+ Be7 12. dxc6 Nxc6 13. Be3 O-O 14. O-O
Re8 15. Rad1 Qc8 16. Ne4 Ne5 17. Bb3 h6 18. Bf4 Qf5 19. Bxe5 Qxe5 20. Qc4 Nxe4
21. Qxe4 Bd6 22. Qxe5 Bxe5 1/2-1/2

[Event "Guernsey Open"]
[Site "Guernsey GCI"]
[Date "2006.10.18"]
[Round "4"]
[White "Dennis, Nigel W"]
[Black "De Kruif, Kees"]
[Result "1/2-1/2"]
[WhiteElo "2020"]
[BlackElo "2080"]
[PlyCount "72"]
[EventDate "2006.10.15"]

1. e4 c5 2. Nf3 d6 3. d4 cxd4 4. Nxd4 Nf6 5. Nc3 a6 6. Be2 e6 7. O-O Be7 8. f4
O-O 9. Be3 Qc7 10. a4 b6 11. Nb3 Nc6 12. g4 Bb7 13. g5 Nd7 14. Qe1 Nb4 15. Rc1
d5 16. e5 Nc5 17. Nd4 Ne4 18. Nxe4 dxe4 19. Qg3 Nd5 20. Bd2 Bc5 21. c3 Qd7 22.
Ra1 Ne7 23. Be3 Bxd4 24. Bxd4 Nf5 25. Qf2 Nxd4 26. Qxd4 Qxd4+ 27. cxd4 Rfd8 28.
Rfd1 Rd7 29. Rac1 Rad8 30. Kf2 f6 31. gxf6 gxf6 32. exf6 Kf7 33. Ke3 Kxf6 34.
Bf1 Rg8 35. Bh3 Rg6 36. Rd2 Rh6 1/2-1/2

[Event "Guernsey Open"]
[Site "Guernsey GCI"]
[Date "2006.10.18"]
[Round "4"]
[White "Von Saldern, Ruediger"]
[Black "Wiecker, Stefan"]
[Result "0-1"]
[WhiteElo "2090"]
[BlackElo "2048"]
[PlyCount "58"]
[EventDate "2006.10.15"]

1. d4 Nf6 2. Nf3 g6 3. Bg5 Bg7 4. e3 d6 5. Nbd2 O-O 6. Bxf6 Bxf6 7. Be2 Nc6 8.
c3 e5 9. d5 Ne7 10. e4 Bg7 11. Qc2 c6 12. dxc6 bxc6 13. O-O-O d5 14. h4 Qa5 15.
Kb1 f5 16. exd5 cxd5 17. Nb3 Qb6 18. Rhf1 a5 19. h5 a4 20. Nc1 f4 21. Ka1 Bf5
22. Qd2 a3 23. b4 Rfd8 24. hxg6 hxg6 25. Nb3 Rac8 26. Rc1 d4 27. cxd4 Rxc1+ 28.
Rxc1 e4 29. Nh4 Rxd4 0-1

[Event "Guernsey Open"]
[Site "Guernsey GCI"]
[Date "2006.10.18"]
[Round "4"]
[White "Heath, Jeffrey"]
[Black "Wismayer, Clive R"]
[Result "0-1"]
[WhiteElo "1926"]
[BlackElo "2124"]
[PlyCount "132"]
[EventDate "2006.10.15"]

1. e4 e6 2. Nc3 d5 3. d4 dxe4 4. Nxe4 Bd7 5. Nf3 Bc6 6. Bd3 Nd7 7. Bf4 Ngf6 8.
Qe2 Bxe4 9. Bxe4 Nxe4 10. Qxe4 c6 11. O-O Be7 12. Rfe1 O-O 13. Rad1 Nf6 14. Qe2
Qa5 15. a3 Qb6 16. c3 a5 17. Ne5 a4 18. Bg5 Rad8 19. Ng4 Nxg4 20. Bxe7 Qc7 21.
Qxg4 Qxe7 22. Re5 Qc7 23. Rde1 Rd5 24. Rxd5 cxd5 25. Qe2 Rc8 26. Qd2 Qd7 27. f3
Rc6 28. Re2 Rb6 29. Qc2 Qb5 30. Kf2 f6 31. f4 Qd7 32. Qd1 Kf7 33. Qb1 g6 34.
Qe1 Ke8 35. Qd2 Kd8 36. Qd3 Qc7 37. g3 Qc6 38. Qc2 Qb5 39. Qc1 Kd7 40. Qd2 Kc7
41. Qc2 Qb3 42. Qc1 Qa2 43. Kf3 Kb8 44. Rd2 Ka7 45. Re2 Qc4 46. Qd2 Rc6 47. Kf2
Rb6 48. Qe3 Qc7 49. Kg2 Rc6 50. Qd2 Qg7 51. Qe1 Qg8 52. Qd2 h6 53. Qd3 Kb6 54.
Qc2 Ka5 55. Re1 g5 56. f5 Qh7 57. Rf1 exf5 58. Rxf5 Kb6 59. Qf2 Qf7 60. Qf3 Rd6
61. h3 Qe6 62. Kf2 Kc7 63. Kf1 Rb6 64. Rxd5 Rxb2 65. Rc5+ Kb8 66. Qd3 Qxh3+ 0-1

[Event "Guernsey Open"]
[Site "Guernsey GCI"]
[Date "2006.10.18"]
[Round "4"]
[White "Downey, Keith"]
[Black "Taylor, Philip"]
[Result "0-1"]
[WhiteElo "1872"]
[BlackElo "2082"]
[PlyCount "76"]
[EventDate "2006.10.15"]

1. Nf3 Nf6 2. c4 c5 3. Nc3 d5 4. cxd5 Nxd5 5. g3 Nc6 6. Bg2 Nc7 7. d3 e5 8. O-O
Be7 9. Bd2 O-O 10. Rc1 f6 11. Na4 b6 12. a3 Bd7 13. b4 cxb4 14. axb4 Rc8 15.
Qb3+ Be6 16. Qb2 Nb5 17. Nc3 Ncd4 18. Nxb5 Nxb5 19. Rxc8 Qxc8 20. Rc1 Qd7 21.
Qc2 Rc8 22. Qxc8+ Qxc8 23. Rxc8+ Bxc8 24. Kf1 Be6 25. Ke1 Bb3 26. e3 Na3 27.
Bc3 Nc2+ 28. Kd2 Nxb4 29. d4 e4 30. Ng1 Bd5 31. Bf1 a5 32. Bb5 Kf7 33. Ne2 g5
34. Bb2 Na2 35. Kc2 Bb4 36. Nc3 Nxc3 37. Bxc3 Bxc3 38. Kxc3 Ke6 0-1

[Event "Guernsey Open"]
[Site "Guernsey GCI"]
[Date "2006.10.18"]
[Round "4"]
[White "Ozanne, Mark"]
[Black "Goris Schouwstra, Adri"]
[Result "0-1"]
[WhiteElo "2067"]
[BlackElo "1879"]
[PlyCount "68"]
[EventDate "2006.10.15"]

1. e4 e6 2. d4 d5 3. Nc3 Nf6 4. e5 Nfd7 5. f4 a6 6. Nf3 c5 7. Be3 Nc6 8. Qd2
cxd4 9. Nxd4 Nxd4 10. Bxd4 Bc5 11. O-O-O b5 12. Qf2 Bxd4 13. Qxd4 Bb7 14. h4
Qc7 15. Bd3 Rc8 16. Rhe1 Nc5 17. Bxb5+ axb5 18. Rd2 Qc6 19. f5 Ne4 20. Nxe4
dxe4 21. f6 g6 22. Red1 O-O 23. Qe3 Kh8 24. Qh6 Rg8 25. c3 Qe8 26. g4 b4 27.
Qe3 bxc3 28. bxc3 Bd5 29. g5 Qa4 30. h5 Qa3+ 31. Kb1 Rxc3 32. Qe2 Rb8+ 33. Ka1
Rc1+ 34. Rxc1 Qxc1# 0-1

[Event "Guernsey Open"]
[Site "Guernsey GCI"]
[Date "2006.10.18"]
[Round "4"]
[White "Wantoch, Markus"]
[Black "Reutimann, Hans Peter"]
[Result "1-0"]
[WhiteElo "2063"]
[BlackElo "1791"]
[PlyCount "55"]
[EventDate "2006.10.15"]

1. e4 e5 2. Nc3 Nf6 3. Bc4 d6 4. d3 Nc6 5. f4 exf4 6. Bxf4 Nd4 7. Nge2 Bg4 8.
h3 Nxe2 9. Nxe2 Bh5 10. Bb3 Be7 11. Qd2 h6 12. O-O-O c6 13. Rde1 a5 14. a3 a4
15. Ba2 Ra5 16. Nd4 O-O 17. Nf5 Re8 18. Nxe7+ Rxe7 19. Bxd6 Rd7 20. Bb4 Rg5 21.
g4 Bg6 22. Qf2 Rd4 23. Bc3 c5 24. e5 Nxg4 25. hxg4 Rxd3 26. cxd3 Qxd3 27. Rd1
Qe4 28. Rhe1 1-0

[Event "Guernsey Open"]
[Site "Guernsey GCI"]
[Date "2006.10.18"]
[Round "4"]
[White "Burton, Ronnie"]
[Black "Van Hoek, Wim"]
[Result "1/2-1/2"]
[WhiteElo "2056"]
[BlackElo "1803"]
[PlyCount "115"]
[EventDate "2006.10.15"]

1. d4 f5 2. g3 Nf6 3. Bg2 e6 4. Nf3 d5 5. O-O Be7 6. c4 c6 7. Nc3 O-O 8. Bf4
Ne4 9. Qc2 g5 10. Be5 Nd7 11. Ne1 Nxe5 12. dxe5 Nxc3 13. Qxc3 d4 14. Qc2 Qc7
15. Rd1 Qxe5 16. Nf3 Qf6 17. Nxd4 e5 18. Nb3 a5 19. a3 Be6 20. Qc3 e4 21. Nd4
Qf7 22. Nxe6 Qxe6 23. e3 Bf6 24. Qc2 Rad8 25. b3 Be7 26. a4 g4 27. Rxd8 Rxd8
28. Rd1 Rxd1+ 29. Qxd1 Qd6 30. Qd4 Qxd4 31. exd4 Kf7 32. Bf1 Ke6 33. d5+ cxd5
34. cxd5+ Kxd5 35. Bc4+ Ke5 36. Kf1 b6 37. Ke2 Bg5 38. Bb5 h5 39. Be8 h4 40.
Bd7 hxg3 41. hxg3 Be7 42. Bc8 Bc5 43. Bd7 Kf6 44. Bc8 Kg5 45. Bb7 Bd6 46. Bc6
f4 47. gxf4+ Kxf4 48. Bb7 Be7 49. Bc6 Bh4 50. Bb7 Bd8 51. Bc6 Be7 52. Bb7 Bc5
53. Bc8 g3 54. fxg3+ Kxg3 55. Bb7 Kf4 56. Bd5 Ke5 57. Bg8 Kd4 58. Bf7 1/2-1/2

[Event "Guernsey Open"]
[Site "Guernsey GCI"]
[Date "2006.10.18"]
[Round "4"]
[White "O'Driscoll, Kieran"]
[Black "Brookfield, Toby"]
[Result "1-0"]
[WhiteElo "2054"]
[BlackElo "1715"]
[PlyCount "77"]
[EventDate "2006.10.15"]

1. d4 f5 2. g3 e6 3. Bg2 Nf6 4. c4 Be7 5. Nc3 O-O 6. Nf3 d6 7. O-O Ne4 8. Qc2
Nxc3 9. Qxc3 a5 10. Rd1 Qe8 11. Be3 Nc6 12. d5 Bf6 13. Qd2 Nd8 14. c5 e5 15.
cxd6 cxd6 16. Rac1 f4 17. gxf4 Qg6 18. Rxc8 Rxc8 19. fxe5 Rc2 20. Qxa5 dxe5 21.
Qb4 e4 22. Nd2 Rxb2 23. Qc4 Be5 24. d6+ Kh8 25. Nxe4 Qh5 26. Ng3 Bxg3 27. hxg3
Rxe2 28. Qb3 Rxa2 29. d7 Ra3 30. Qd5 Rf5 31. Qd4 Qe2 32. Bf1 Qf3 33. Re1 Rf8
34. Bh6 Qf7 35. Bc4 Qg6 36. Qf4 Ne6 37. Rxe6 Rxg3+ 38. fxg3 Ra8 39. Rxg6 1-0

[Event "Guernsey Open"]
[Site "Guernsey GCI"]
[Date "2006.10.18"]
[Round "4"]
[White "Cross, Ian K"]
[Black "Rowe, Peter"]
[Result "1/2-1/2"]
[WhiteElo "1890"]
[BlackElo "2047"]
[PlyCount "60"]
[EventDate "2006.10.15"]

1. d4 d5 2. Nf3 Nf6 3. e3 Bf5 4. Bd3 Bxd3 5. Qxd3 c6 6. Nbd2 Nbd7 7. O-O e6 8.
Re1 Be7 9. e4 dxe4 10. Nxe4 Qc7 11. Nxf6+ Nxf6 12. Ng5 Rd8 13. c3 c5 14. Bd2
Qd7 15. Qh3 cxd4 16. cxd4 Qxd4 17. Nxf7 Kxf7 18. Qxe6+ Kg6 19. Bc3 Qf4 20. Qxe7
Rhe8 21. Qxb7 Rd7 22. Qf3 Qxf3 23. gxf3 Red8 24. Re6 Kf7 25. Rae1 Nd5 26. R6e4
Nxc3 27. bxc3 Rc8 28. c4 Rc5 29. R1e3 Ra5 30. a3 Rc5 1/2-1/2

[Event "Guernsey Open"]
[Site "Guernsey GCI"]
[Date "2006.10.18"]
[Round "4"]
[White "Donoghue, John"]
[Black "Jamieson, Ian"]
[Result "1-0"]
[WhiteElo "1803"]
[BlackElo "2014"]
[PlyCount "25"]
[EventDate "2006.10.15"]

1. e4 e6 2. d4 a6 3. Nf3 b5 4. Bd3 Bb7 5. O-O Nf6 6. Re1 d5 7. e5 Nfd7 8. Ng5
c5 9. Nxe6 fxe6 10. Qh5+ Ke7 11. Bg5+ Nf6 12. exf6+ gxf6 13. Bxf6+ 1-0

[Event "Guernsey Open"]
[Site "Guernsey GCI"]
[Date "2006.10.18"]
[Round "4"]
[White "Heymuth, Marcel"]
[Black "Twitchell, David"]
[Result "0-1"]
[WhiteElo "1712"]
[BlackElo "2013"]
[PlyCount "56"]
[EventDate "2006.10.15"]

1. Nf3 Nf6 2. g3 g6 3. Bg2 Bg7 4. O-O d6 5. d3 c5 6. Nbd2 Nc6 7. c3 O-O 8. Qc2
Bg4 9. e4 Qd7 10. Ne1 Be2 11. f4 Bxf1 12. Nxf1 Rac8 13. Ne3 b5 14. f5 Ne5 15.
Bh3 e6 16. Qg2 Rc7 17. g4 g5 18. N1c2 h6 19. d4 cxd4 20. Nxd4 d5 21. exd5 Nxd5
22. Qe2 Re8 23. Nxb5 Rcc8 24. Nc2 exf5 25. gxf5 Nc4 26. Qd3 Qxb5 27. b3 Qb6+
28. Kf1 Nce3+ 0-1

[Event "Guernsey Open"]
[Site "Guernsey GCI"]
[Date "2006.10.18"]
[Round "4"]
[White "Beadle, John"]
[Black "Taylor, Bob"]
[Result "1/2-1/2"]
[WhiteElo "1950"]
[BlackElo "2013"]
[PlyCount "62"]
[EventDate "2006.10.15"]

1. e4 e5 2. Nf3 d6 3. c4 Nf6 4. Nc3 Be7 5. d4 Nbd7 6. b4 O-O 7. d5 Re8 8. Bd3
Nf8 9. O-O Bg4 10. Kh1 Qc8 11. Rg1 a5 12. b5 c6 13. a4 cxb5 14. Nxb5 N8d7 15.
Ba3 Nc5 16. Qc2 Bd7 17. Nd2 Ng4 18. Raf1 Bxb5 19. cxb5 Qc7 20. h3 Nf6 21. f4
Nfd7 22. Nc4 exf4 23. Rxf4 Ne5 24. Nxe5 dxe5 25. Rf3 Rac8 26. Rgf1 f6 27. Bxc5
Bxc5 28. Rc1 Qb6 29. Bc4 Bd6 30. Rc3 Rc5 31. Bb3 Rec8 1/2-1/2

[Event "Guernsey Open"]
[Site "Guernsey GCI"]
[Date "2006.10.18"]
[Round "4"]
[White "Bower, Daniel"]
[Black "Goman, Colin"]
[Result "1-0"]
[WhiteElo "2010"]
[BlackElo "1889"]
[PlyCount "61"]
[EventDate "2006.10.15"]

1. e4 c6 2. d4 d5 3. Nd2 e6 4. Ngf3 Be7 5. Bd3 Nd7 6. O-O b6 7. Re1 Bb7 8. e5
Qc7 9. Qe2 O-O-O 10. b3 Re8 11. Bb2 g5 12. Nb1 h5 13. Na3 g4 14. Nd2 Nh6 15. c4
h4 16. Rac1 Kb8 17. cxd5 exd5 18. Bb5 g3 19. fxg3 hxg3 20. h3 Bg5 21. Rc2 Nf5
22. Qf3 Nh4 23. Qc3 Re6 24. Nf3 Nxf3+ 25. Qxf3 Bh4 26. Qe2 f6 27. Qg4 Ree8 28.
e6 Nf8 29. Bc1 Qh7 30. Bxc6 Qxc2 31. Nxc2 1-0

[Event "Guernsey Open"]
[Site "Guernsey GCI"]
[Date "2006.10.18"]
[Round "4"]
[White "Murray, Steve"]
[Black "Pollard, Matthew"]
[Result "1/2-1/2"]
[WhiteElo "2017"]
[BlackElo "1930"]
[PlyCount "75"]
[EventDate "2006.10.15"]

1. e4 g6 2. d4 Bg7 3. Nf3 d6 4. Nc3 Nf6 5. Be2 O-O 6. O-O Bg4 7. Be3 c6 8. Qd2
Nbd7 9. Bh6 b5 10. Bxg7 Kxg7 11. h3 Bxf3 12. Bxf3 Rc8 13. Rfe1 e5 14. d5 b4 15.
Ne2 cxd5 16. exd5 Qb6 17. c3 a5 18. cxb4 axb4 19. Rac1 Nc5 20. Ng3 Qd8 21. Re3
Rb8 22. Rc4 Nfd7 23. Rxb4 f5 24. Rxb8 Qxb8 25. Re1 e4 26. Qd4+ Kg8 27. Be2 Qa8
28. b4 Nd3 29. Bxd3 exd3 30. Qxd3 Qxa2 31. Qd4 Ne5 32. f4 Nc4 33. b5 Qb3 34.
Rc1 Re8 35. Qxc4 Qxg3 36. b6 Qe3+ 37. Kh2 Qxb6 38. Qa4 1/2-1/2

[Event "Guernsey Open"]
[Site "Guernsey GCI"]
[Date "2006.10.19"]
[Round "5"]
[White "Hillarp Persson, Tiger"]
[Black "Gofshtein, Leonid D"]
[Result "0-1"]
[WhiteElo "2557"]
[BlackElo "2509"]
[PlyCount "104"]
[EventDate "2006.10.15"]

1. d4 d6 2. g3 g6 3. Bg2 Bg7 4. e4 c5 5. dxc5 Qa5+ 6. c3 Qxc5 7. Ne2 Nf6 8. Na3
O-O 9. h3 Nc6 10. O-O Rd8 11. Nf4 e6 12. Be3 Qa5 13. Nc2 Qc7 14. a4 b6 15. Na3
Bb7 16. Qc2 Rac8 17. Rad1 Qb8 18. Rfe1 Ne5 19. Bd4 Ned7 20. Bxf6 Nxf6 21. Re2
Bh6 22. Nd3 Bf8 23. Qb3 Qa8 24. Rde1 h5 25. Nb5 Nd7 26. f4 a6 27. Nd4 Nc5 28.
Nxc5 bxc5 29. Nf3 d5 30. Nh4 c4 31. Qc2 dxe4 32. Bxe4 Bxe4 33. Qxe4 Qxe4 34.
Rxe4 Rc7 35. Kg2 Bg7 36. Nf3 Kf8 37. R1e2 Rd5 38. Nd2 Rdc5 39. g4 Ke7 40. f5
gxf5 41. gxf5 Rxf5 42. Nxc4 Rc8 43. Nd2 Rg8 44. Kh1 Bh6 45. Rb4 Rg6 46. Rb6 Rd5
47. Rb7+ Kf8 48. Nf3 Bf4 49. Nd4 Rdg5 50. Nf3 Rg3 51. Rf2 Rxh3+ 52. Nh2 Rg4 0-1